000 00895nam a2200301 i 4500
003 EG-GICUC
005 20260423192610.0
008 260423s1971 fr ||||f |||| 00| 0 fre d
040 _aEG-GiCUC
_bfre
_cEG-GiCUC
_dEG-GiCUC
_eRda
041 _afre
082 0 4 _221
_a343.64
_bPI . S
092 0 4 _221
099 _aLaw110 343.64 PI . S 1971 1011000
100 1 _aPinatel, Jean
_eAuteur
245 1 3 _aLa Société Criminogène /
_cPar Jean Pinatel.
264 1 _aParis :
_bCalmann-lévy,
_c1971.
300 _a297 pages ;
_c24 cm.
336 _2rda contenu
_a texte
337 _2rda medias
_aOrdinateur
338 _2 transporteur rda
_a Ressource en ligne
546 _aTexte en français
650 1 _aCrime
_xla société
650 1 _aDroit pénal
651 1 _2qrmak
856 4 0 _uhttps://fll.law.cu.edu.eg/fulltext/bks/B10-11000.pdf
905 _a164
942 _2ddc
_n0
_cBK
_e21
999 _c73252
_d73252